• 首页
  • 本馆介绍
  • 公告通知
  • 最新文献
  • 馆藏检索
  • 电子资源
  • 读者导购
  • 参考咨询
  • 我的图书馆
  • 登录
  • 详细信息显示
  • 放入我的书架
  • 预约/预借图书
  • 作者相关作品
  • 分类相关作品
  • 丛书相关作品
  • 出版社相关作品

书目信息

  • 表格格式
  • 工作单格式
  • 卡片格式
题名:
贵州乡村旅游开发与农村劳动力转移机制研究
    
 
作者: 殷红梅 著
分册:  
出版信息: 北京   科学出版社  2012
页数: 10,189页
开本: 24cm
丛书名: 喀斯特生态文明研究丛书
单 册:
中图分类: F592.773 , F323.6
科图分类:
主题词: 乡村--旅游资源开发--关系--劳动力转移--研究--贵州
电子资源:
ISBN: 978-7-03-033440-4
000 01049oam2 2200265 45
001 1355438577
005 20130513104949.67
010    @a978-7-03-033440-4@dCNY50.00
100    @a20130108d2012 em y0chiy50 ea
101 0  @achi
102    @aCN@b110000
105    @ay z 000yy
106    @ar
200 1  @a贵州乡村旅游开发与农村劳动力转移机制研究@AGui Zhou Xiang Cun Lu^ You Kai Fa Yu Nong Cun Lao Dong Li Zhuan Yi Ji Zhi Yan Jiu@f殷红梅等著@FYin Hong Mei Deng Zhu
210    @a北京@c科学出版社@d2012
215    @a10,189页@d24cm
225 0  @a喀斯特生态文明研究丛书@h第一套
330    @a本书共分9章,内容包括:文献综述与概念界定、贵州农村劳动力供给与需求分析、乡村旅游开发存进农村发展及劳动力转移的必要性和可行性、旅游经济与农村经济的协调互动机制研究等。
461  0 @12001 @a喀斯特生态文明研究丛书
606 0  @a乡村@x旅游资源开发@x关系@x劳动力转移@x研究@y贵州
690    @aF592.773@v5
690    @aF323.6@v5
701  0 @a殷红梅@AYin Hong Mei@f(1966.11-)@4著
801    @aCN@bTANGWEI@c20130111
905    @b0831400-402@dF592.773@e338@f3
    
    贵州乡村旅游开发与农村劳动力转移机制研究/殷红梅等著.-北京:科学出版社,2012
    10,189页;24cm.-(喀斯特生态文明研究丛书.第一套)
    
    
    ISBN 978-7-03-033440-4:CNY50.00
    本书共分9章,内容包括:文献综述与概念界定、贵州农村劳动力供给与需求分析、乡村旅游开发存进农村发展及劳动力转移的必要性和可行性、旅游经济与农村经济的协调互动机制研究等。
●
相关链接 在E读中查询图书 在五车中查询图书 在当当中查询图书 在豆瓣中查询图书


正题名:贵州乡村旅游开发与农村劳动力转移机制研究     索取号:F592.773/338         预约/预借

序号 登录号 条形码 馆藏地/架位号 状态 备注
1 0831400   208314000   第一样本阅览室/ [索取号:F592.773/338] 在馆    
2 0831401   208314019   第一借阅区/ [索取号:F592.773/338] 在馆    
3 0831402   208314028   密集书库-资源管理系/ [索取号:F592.773/338] 在馆    
唐山师范学院图书馆 欢迎您!
大连网信软件有限公司© 版权所有